| 000 | 01317nam a2200253Ii 4500 | ||
|---|---|---|---|
| 008 | 221202s xx 000 0 und d | ||
| 245 | 0 | _aMemory | |
| 246 | _aHistories, Theories, Debates | ||
| 264 |
_bFordham University Press _c2010 |
||
| 300 | _a1 online resource | ||
| 336 |
_atext _btxt _2rdacontent |
||
| 337 |
_acomputer _bc _2rdamedia |
||
| 338 |
_aonline resource _bcr _2rdacarrier |
||
| 520 | _aThe volume reconstructs the work of the great philosophical and literary figures of the last two centuries who recast the concept of memory and brought it into the forefront of the modernist and postmodernist imagination—among them, Bergson, Halbwachs, Freud, Proust, Benjamin, Adorno, Derrida, and Deleuze. Drawing on recent advances in the sciences and in the humanities, the contributors address the question of how memory works, highlighting transactions between the interiority of subjective memory and the larger fields of public or collective memory. | ||
| 653 | _aHenri Bergson | ||
| 653 | _aHolocaust | ||
| 653 | _aImagination | ||
| 653 | _aMemory Studies | ||
| 653 | _aPhilosophy | ||
| 700 | 1 | _aRadstone, Susannah | |
| 700 | 1 | _aSchwarz, Bill | |
| 856 | _uhttps://library.oapen.org/bitstream/20.500.12657/31578/1/626982.pdfhttp://library.oapen.org/handle/20.500.12657/31578 | ||
| 942 | _cE-BOOK | ||
| 999 |
_c64024 _d64024 |
||